000 00827nam a2200253Ia 4500
005 20211111081302.0
008 130821s2009 xxua gr eng
020 _a9780521698221
020 _a9780521875387
040 _aCo-BoUCM
_bspa
_c[Nuevo]
_d[Nuevo]
041 0 0 _aeng
100 1 _aZenou, Yves
_975774
245 1 0 _aUrban labor economics
_cYves Zenou
260 _aNueva York (Estados Unidos)
_bCambridge University Press
_c2009
300 _axiii, 509 páginas
_bgráficas
504 _aIncluye referencias bibliográficas e índices
650 0 7 _aEconomía del trabajo
_926481
650 0 7 _aEconomía
_9174
650 0 7 _aPolítica urbana
_922027
650 0 7 _aTrabajo y trabajadores
_925621
690 0 _aEconomía
_9174
942 _a7
_e1
_mZ55u
_cLIBRO
_2DEWEY
_h331.1
999 _c64438
_d64438